| 000 | 01555nam0a2200385 4500 | ||
|---|---|---|---|
| 001 | RU\NLR\BIBL_A\011373267 | ||
| 005 | 20260607065856.0 | ||
| 010 |
_a978-5-90626-0 _93000 |
||
| 021 |
_aRU _b2017-21985 _91634 |
||
| 035 | _a(NLR Aleph) 011373267 | ||
| 035 | _a(RuMoRGB)008838041 | ||
| 090 |
_a11363611 _c11363611 |
||
| 100 | _a20170424d2016 u y0rusy50 ca | ||
| 101 | 0 | _arus | |
| 102 | _aRU | ||
| 105 | _aa z 000zy | ||
| 200 | 1 |
_aСила духа _eистории-мотиваторы о великих российских спортсменах _e+ аудиокнига читает Николай Валуев _fНиколай Валуев, Рушель Блаво |
|
| 210 |
_aМосква _cЭ _d2016 |
||
| 215 |
_a157, [1] с. _cил. _d21 |
||
| 225 | 1 | _aМастер психологических настроев | |
| 316 |
_aАудиокнига отсутствует _5NLR |
||
| 333 | _a16+ | ||
| 606 | 1 |
_aСказкотерапия _92082655 _3RU\NLR\AUTH\661258682 |
|
| 606 |
_aФизическая культура и спорт _yСССР _91087971 _3RU\NLR\AUTH\66107341 |
||
| 606 |
_aМотивация (психол.) у спортсменов _91685263 _3RU\NLR\AUTH\66748647 |
||
| 686 | 1 | _aЧ513(2)6 | |
| 686 | 1 | _aЮ948.1-82 | |
| 686 | 1 | _aЮ943 | |
| 700 | 1 |
_aВалуев _bН. С. _gНиколай Сергеевич |
|
| 701 | 1 |
_8rus _7ca _aБлаво _bР. _gРушель _3RU\NLR\AUTH\7749063 _931998 |
|
| 942 | _cBOOK | ||
| 980 | _aNBR | ||
| 980 | _aNB | ||